Fyzikálne faktory prostredia : časopis o problematike fyzikálnych faktorov prostredia.
Uložené v:
| Korporatívny autor: | |
|---|---|
| Médium: | Časopis |
| Jazyk: | Slovak |
| Vydané: |
Košice :
Technická univerzita, Strojnícka fakulta,
2011-9999.
Košice : lbSolve. |
| Témy: | |
| On-line prístup: | Informácie o časopise |
| Fyzický popis: |
zv. ; 30 cm. Vydanie na CD-ROMe: Fyzikálne faktory prostredia (CD-ROM) ; mimoriadne číslo, príloha časopisu |
| Tagy: |
Pridať tag
Žiadne tagy, Buďte prvý kto otaguje tento záznam!
|
Titul je dostupný aj v ... 

MARC
| LEADER | 00000nas a22000004a 4500 | ||
|---|---|---|---|
| 001 | 000375721 | ||
| 003 | SVKKK | ||
| 005 | 20250109094428.0 | ||
| 008 | 111012c20119999xo fr|p|||||||0|||b0slo|d | ||
| 022 | |a 1338-3922 | ||
| 040 | |a KE001 |b slo |e AACR2 | ||
| 041 | 0 | |a slo | |
| 044 | |a xo |c SK | ||
| 080 | |a 53 |2 2009 | ||
| 080 | |a 504.6 |2 2009 | ||
| 210 | 0 | |a Fyz. fakt. prostr. | |
| 222 | 0 | |a Fyzikálne faktory prostredia | |
| 245 | 0 | 0 | |a Fyzikálne faktory prostredia : |b časopis o problematike fyzikálnych faktorov prostredia. |
| 246 | 3 | 3 | |a FFP |
| 260 | |a Košice : |b Technická univerzita, Strojnícka fakulta, |c 2011-9999. | ||
| 260 | 3 | |3 2015-9999 |a Košice : |b lbSolve. | |
| 300 | |a zv. ; |c 30 cm. | ||
| 310 | |a 2x ročne | ||
| 362 | 0 | |a Roč. 1, č. 1 (2011) - | |
| 525 | |a Má prílohu: Súhrn povinností zamestnávateľov na zabezpečenie ochrany zdravia zamestnancov pred nepriaznivými vplyvmi fyzikálnych faktorov prostredia | ||
| 530 | |a Vydanie na CD-ROMe: Fyzikálne faktory prostredia (CD-ROM) ; mimoriadne číslo, príloha časopisu | ||
| 650 | 8 | |a 504.6 |2 MDT | |
| 650 | 9 | |a fyzika |2 SKP | |
| 650 | 9 | |a fyzikálne faktory |2 SKP | |
| 650 | 8 | |a 53 |2 MDT | |
| 710 | 2 | |a Technická univerzita v Košiciach. |b Strojnícka fakulta. |b Katedra environmentalistiky | |
| 856 | 4 | 1 | |u https://lbsolve.sk/casopis-ffp/# |z Informácie o časopise |
| 910 | |a KE001 |b C.8897 | ||
| 998 | |a SE | ||
| 090 | |g CASOS |k Sklad Pribinova suterén |a C.8897 |j 260735 |i 2720756544 |s Zviazaný časopis | ||
| 090 | |g CASOS |k Sklad Pribinova suterén |a C.8897 |j 263475 |i 2720816791 |s Zviazaný časopis | ||
| 090 | |g CASOS |k Sklad Pribinova suterén |a C.8897 |j 265322 |i 2720909701 |s Zviazaný časopis | ||
| 090 | |g CASOS |k Sklad Pribinova suterén |a C.8897 |j 267193 |i 2721030252 |s Zviazaný časopis | ||
| 090 | |g CASOS |k Sklad Pribinova suterén |a C.8897 |j 269018 |i 2721127881 |s Zviazaný časopis | ||
| 090 | |g CASOS |k Sklad Zvonárska 19 |a C.8897 |j 237144 |i 2720441425 |7 Príl. k č.1/2011: Súhrn povinností zamestnávateľov |s Zviazaný časopis | ||
| 090 | |g CASOS |k Sklad Zvonárska 19 |a C.8897 |j 238983 |i 2720322669 |7 CD k mimor. čís. (pozri sign. CDC.2590) |s Zviazaný časopis | ||
| 090 | |g CASOS |k Sklad Zvonárska 19 |a C.8897 |j 242934 |i 2720441427 |7 CD k mimor. čís. (pozri sign. CDC.2669) |s Zviazaný časopis | ||
| 090 | |g CASOS |k Sklad Zvonárska 19 |a C.8897 |j 246223 |i 2720441426 |s Zviazaný časopis | ||
| 090 | |g CASOS |k Sklad Zvonárska 19 |a C.8897 |j 249236 |i 2720397076 |s Zviazaný časopis | ||
| 090 | |g CASOS |k Sklad Zvonárska 19 |a C.8897 |j 252571 |i 2720502332 |s Zviazaný časopis | ||
| 090 | |g CASOS |k Sklad Zvonárska 19 |a C.8897 |j 255465 |i 2720618595 |s Zviazaný časopis | ||
| 090 | |g CASOS |k Sklad Zvonárska 19 |a C.8897 |j 258240 |i 2720720491 |s Zviazaný časopis | ||
| 090 | |g CASOS |k Študovňa časopisov |a C.8897 |i 2721129748 |7 Urgovaná |s Príručka / Študovňa | ||
| 090 | |g CASOS |k Študovňa časopisov |a C.8897 |i 2721129749 |s Príručka / Študovňa | ||
| 090 | |g CASOS |k Študovňa časopisov |a C.8897 |i 375721-240 |s Príručka / Študovňa | ||